Qui a réalisé ce film ? (Cannes Editions) - Statistiques

Statistiques générales
  • Ce quiz a été pris 164 fois
  • Le résultat moyen est 11 sur 20
Statistiques - réponses
Hint Réponse % Correct
Pulp Fiction Quentin Tarantino
97%
Apocalypse Now Francis Ford Coppola
82%
Les Proies Sofia Coppola
80%
Les Parapluies de Cherbourg Jacques Demy
78%
La vie d'Adèle Abdellatif Kechiche
73%
Polisse Maïwenn
73%
Un prophète Jacques Audiard
72%
Tree of life Terrence Malick
64%
In the mood for love Wong Kar-wai
63%
Parasite Bong Joon-Ho
60%
Portrait de la jeune fille en feu Céline Sciamma
60%
Le labyrinthe de Pan Guillermo del Toro
59%
Les Ailes du désir Wim Wenders
54%
Sous le soleil de Satan Maurice Pialat
49%
Old Boy Park Chan-wook
46%
Punch-Drunk Love Paul Thomas Anderson
44%
Le goût de la cerise Abbas Kiarostami
34%
Oncle Boonmee, celui qui se souvient de ses vies antérieures Apichatpong Weerasethakul
22%
Toni Erdmann Maren Ade
17%
Il Divo Paolo Sorrentino
17%
Aucun quiz correspondant
Distribution des résultats
% des personnes avec chaque résultat
Percentile par nombre de réponses
Votre historique - résultats
Vous n’avez pas pris ce quiz